| 000 | 00551nam a22001815i 4500 | ||
|---|---|---|---|
| 001 | 48756 | ||
| 003 | ES-MaACL | ||
| 005 | 20230906161820.0 | ||
| 007 | t| | ||
| 008 | 950728s1835 fr ||||1| fre d | ||
| 040 |
_aCAM _bspa _cCAM |
||
| 245 | 0 | 0 |
_aDictionnaire de la conversation et de la lecture. _n, . Vol. XXIV / _cpar une Société de gens de lettres. |
| 260 |
_aParis : _bBelin-Mandar, _c1835 ( _fBéthune et Plon) |
||
| 300 |
_a1 v. ; _c22 cm. |
||
| 505 | 8 | _aContiene t. XXIV | |
| 650 |
_aEnciclopedias. _912235 |
||
| 852 |
_aES-MaACL _jG-11070 |
||
| 999 |
_c48756 _d48756 |
||